New age branding : concepts and cases V 1 (Record no. 188003)

MARC details
000 -LEADER
fixed length control field 00482nam a2200181Ia 4500
008 - FIXED-LENGTH DATA ELEMENTS--GENERAL INFORMATION
fixed length control field 231217s9999 xx 000 0 und d
020 ## - INTERNATIONAL STANDARD BOOK NUMBER
International Standard Book Number 8178811375
041 ## - LANGUAGE CODE
Language code of text/sound track or separate title English
082 ## - DEWEY DECIMAL CLASSIFICATION NUMBER
Classification number 658.827 DAS;1 R
100 ## - MAIN ENTRY--PERSONAL NAME
Personal name Das, Naveen ed.
245 #0 - TITLE STATEMENT
Title New age branding : concepts and cases V 1
260 ## - PUBLICATION, DISTRIBUTION, ETC.
Date of publication, distribution, etc. 2002
Name of publisher, distributor, etc. ICFAI Press
Place of publication, distribution, etc. Hyderabad
300 ## - PHYSICAL DESCRIPTION
Extent ix,180+A10
400 ## - SERIES STATEMENT/ADDED ENTRY--PERSONAL NAME [OBSOLETE, CAN/MARC], [LOCAL, USA]
Personal name Marketing series
500 ## - GENERAL NOTE
General note Content page available
650 ## - SUBJECT ADDED ENTRY--TOPICAL TERM
Topical term or geographic name entry element age,branding,V,1
942 ## - ADDED ENTRY ELEMENTS (KOHA)
Koha item type Books
Holdings
Date last seen Total checkouts Full call number Accession number Cost, total (INR) price Price effective from Category Lost status Damaged status Department Withdrawn status Home library Current library Shelving location Entry date Vendor Cost, normal purchase price Grants Billnumber Billdate Currency symbol Conversion rate Discount Old discount Public note
26/01/2024   658.827 DAS;1 R 64454 38.00 26/01/2024 Books     Central Library   Central Library Central Library Central Library 16/08/2010 ICFAI Press 38.00 MBA 1993 25/02/2014 RS 1      
26/01/2024   658.827 DAS;2 64455 38.00 26/01/2024 Books     Central Library   Central Library Central Library Central Library 16/08/2010 ICFAI Press 38.00 MBA 1993 25/02/2014 RS 1      
26/01/2024   658.827 DAS;3 71815 38.00 26/01/2024 Books     Central Library   Central Library Central Library Central Library 16/12/2010 ICFAI Press 38.00 MBA 1993 30/03/2015 RS 1     71815
26/01/2024   658.827 DAS;4 71816 38.00 26/01/2024 Books     Central Library   Central Library Central Library Central Library 16/12/2010 ICFAI Press 38.00 MBA 1993 30/03/2015 RS 1     71816

© For any Suggestions or Query, please contact the library staff @ librarian@pes.edu or Phone: +9180 2672 1983/ 2108.